000 01047nam0a22002531 4500
001 rc\2567497
005 20250623111116.0
035 _a(NLR Aleph) 006732307
090 _a5557090
_c5557090
100 _a20110914d1927 |||y0rusy50 ca
101 0 _arus
102 _aRU
105 _ay z |||||
200 1 _aКак работает Крымская опытная станция
_fДиректор Станции Н. Н. Клепинин
210 _aСимферополь
_cКрымгосиздат
_d1927
_g1-я гостипо-лит. "Крымполиграфтреста"
215 _a34 с.
_d18х13 см.
225 1 _aКрымским крестьянам
_fКрымнаркомзем. Крымск. област. опытная станция
700 1 _aКлепинин
_bН. Н.
_cпочвовед, географ
_f1869-1936
_gНиколай Николаевич
_9182237
_3RU\NLR\AUTH\770182288
801 0 _aRU
_bNLR
_gpsbo
801 1 _aRU
_bELAR
_2rusmarc
852 _aNLR
_j62/1279
942 _cBOOK
980 _aNB